00268nam a2200097Ia 4500008004100000082001500041100001600056245003500072260005300107300001000160150201s2010 xx 000 0 und d a5.133bSAL aSalaria,R.S aC programs and data structures bKhanna Books Publishing Co. Ltd.aN. Delhic2010 a667p.